[Event "XXX Festival Conca della Presolana A"]
[Site "Bratto - Castione della Presolana ITA"]
[Date "2010.08.20"]
[Round "1"]
[White "Gioseffi, Massimiliano"]
[Black "Godena, Michele"]
[WhiteElo "2150"]
[BlackElo "2548"]
[Result "0-1"]
[PlyCount "144"]
[EventDate "2010.08.20"]

1. d4 d5 2. c4 dxc4 3. Nf3 Nf6 4. e3 a6 5. Bxc4 b5 6. Bb3 Bb7 7. O-O Nbd7 8.
Qe2 e6 9. Rd1 Be7 10. a4 O-O 11. Nbd2 Qb8 12. axb5 axb5 13. Rxa8 Bxa8 14. e4 c5
15. e5 Nd5 16. dxc5 Nxc5 17. Bc2 Nb4 18. Bb1 Rd8 19. Ne1 Nc6 20. Nef3 Rd5 21.
Re1 Nb4 22. Ne4 Nbd3 23. Rd1 Nxc1 24. Rxc1 Qd8 25. Nxc5 Rxc5 26. Rxc5 Bxc5 27.
Qd3 Qxd3 28. Bxd3 Bc6 29. Kf1 h6 30. Ke2 Kf8 31. b3 Ke7 32. g3 b4 33. Nd2 Bd4
34. f4 f5 35. exf6+ gxf6 36. Be4 Bb5+ 37. Bd3 Be8 38. Kf3 f5 39. g4 Bc3 40. Nc4
Bc6+ 41. Kg3 Kf6 42. h3 Be1+ 43. Kh2 fxg4 44. hxg4 Bf3 45. Ne5 Bd1 46. Bc4 Bc3
47. Nd7+ Ke7 48. Nc5 Bxg4 49. Kg3 h5 50. Nd3 Kf6 51. Kg2 Bf5 52. Kg3 Bd2 53.
Kh4 Bg4 54. Kg3 Kf5 55. Kg2 Be2 56. Kf2 Bd1 57. Nc5 Kxf4 58. Nxe6+ Ke5 59. Kg2
Bg4 60. Nc5 h4 61. Nd3+ Kd4 62. Kh2 Kc3 63. Nxb4 Kxb4 64. Bd5 Kc5 65. Bg2 Bf4+
66. Kh1 Bd6 67. Bb7 Kd4 68. Bc6 Ke3 69. Bd5 Kf2 70. Bc6 h3 71. Bd5 Be2 72. Bc6
Bf1 0-1

[Event "XXX Festival Conca della Presolana A"]
[Site "Bratto - Castione della Presolana ITA"]
[Date "2010.08.20"]
[Round "1"]
[White "Grandadam, Nicolas"]
[Black "Iordachescu, Viorel"]
[WhiteElo "2249"]
[BlackElo "2623"]
[Result "0-1"]
[PlyCount "54"]
[EventDate "2010.08.20"]

1. Nf3 Nf6 2. c4 e6 3. Nc3 Bb4 4. g4 Bxc3 5. bxc3 d6 6. g5 Nfd7 7. Bg2 e5 8. d3
Nc6 9. h4 f5 10. Nd2 Qe7 11. Ba3 h6 12. c5 dxc5 13. Bxc6 bxc6 14. Qa4 a5 15.
Rb1 hxg5 16. Qxc6 Ra6 17. Qa4 g4 18. Rb8 Kd8 19. Rb5 Qe6 20. Qb3 Qc6 21. Rg1
Rb6 22. Rxb6 cxb6 23. e4 g6 24. Nc4 fxe4 25. dxe4 Qxe4+ 26. Ne3 Rxh4 27. Qe6
Qb1+ 0-1

[Event "XXX Festival Conca della Presolana A"]
[Site "Bratto - Castione della Presolana ITA"]
[Date "2010.08.20"]
[Round "1"]
[White "L'Ami, Erwin"]
[Black "Tolhuizen, Ludo"]
[WhiteElo "2620"]
[BlackElo "2218"]
[Result "1-0"]
[PlyCount "79"]
[EventDate "2010.08.20"]

1. d4 e6 2. c4 f5 3. g3 Nf6 4. Bg2 c6 5. Nd2 d5 6. Nh3 Bd6 7. O-O O-O 8. Qc2
Nbd7 9. Nf3 Ne4 10. Nf4 Qe7 11. Nd3 b6 12. Bf4 Bb7 13. Bxd6 Qxd6 14. Nfe5 Nxe5
15. dxe5 Qe7 16. f3 Nc5 17. Nf2 f4 18. Nh3 g5 19. Qc3 h6 20. gxf4 gxf4 21. e3
fxe3 22. Qxe3 Kh7 23. f4 Nd7 24. Kh1 Rg8 25. Rf3 c5 26. Rg3 Rxg3 27. hxg3 Kh8
28. Rd1 d4 29. Qe2 Bxg2+ 30. Kxg2 Rg8 31. Qh5 Qg7 32. Qf3 Nf8 33. Rh1 Ng6 34.
Ng5 Nxe5 35. Qe4 Ng4 36. Qxe6 Qb7+ 37. Kg1 Rxg5 38. fxg5 Qf3 39. Qe8+ Kh7 40.
g6+ 1-0

[Event "XXX Festival Conca della Presolana A"]
[Site "Bratto - Castione della Presolana ITA"]
[Date "2010.08.20"]
[Round "1"]
[White "Lapiccirella, Daniele"]
[Black "Chatalbashev, Boris"]
[WhiteElo "2212"]
[BlackElo "2613"]
[Result "0-1"]
[PlyCount "90"]
[EventDate "2010.08.20"]

1. d4 g6 2. c4 Bg7 3. e4 c5 4. d5 d6 5. Ne2 e6 6. Nbc3 Nf6 7. f3 exd5 8. cxd5
Nbd7 9. Be3 O-O 10. Ng3 h5 11. Be2 h4 12. Nf1 Nh7 13. Nd2 f5 14. O-O f4 15. Bf2
Ne5 16. a4 Ng5 17. Kh1 Ngf7 18. Rb1 g5 19. Nb5 Bd7 20. b4 b6 21. a5 h3 22. gxh3
Bxh3 23. Rg1 Qd7 24. Na3 cxb4 25. Rxb4 bxa5 26. Rb3 a4 27. Rb4 g4 28. Qxa4 Qxa4
29. Rxa4 Ng5 30. Bd4 Rf7 31. Bxe5 Bxe5 32. Nac4 g3 33. Nxe5 dxe5 34. Ra6 Kg7
35. Bf1 Bxf1 36. Nxf1 Nxf3 37. hxg3 Rh8+ 38. Kg2 Nxg1 39. Kxg1 Rh6 40. Ra3 Rg6
41. Kg2 Kh6 42. Rd3 Rb7 43. d6 Rd7 44. Rd5 Rdxd6 45. Rxe5 fxg3 0-1

[Event "XXX Festival Conca della Presolana A"]
[Site "Bratto - Castione della Presolana ITA"]
[Date "2010.08.20"]
[Round "1"]
[White "Marin, Irina-Luiza"]
[Black "Kogan, Artur"]
[WhiteElo "2132"]
[BlackElo "2541"]
[Result "1/2-1/2"]
[PlyCount "47"]
[EventDate "2010.08.20"]

1. c4 b6 2. g3 Bb7 3. Nf3 c5 4. Bg2 g6 5. O-O Bg7 6. Nc3 Na6 7. Re1 Nf6 8. e4
O-O 9. e5 Ng4 10. d4 cxd4 11. Nd5 e6 12. Qxd4 exd5 13. Qxg4 dxc4 14. Bg5 Qc8
15. Qh4 Nb4 16. Bh6 Qc6 17. Red1 Bxh6 18. Qxh6 Nd3 19. Nh4 Qc5 20. Rxd3 Bxg2
21. Re3 Bd5 22. Nf5 gxf5 23. Qg5+ Kh8 24. Qf6+ 1/2-1/2

[Event "XXX Festival Conca della Presolana A"]
[Site "Bratto - Castione della Presolana ITA"]
[Date "2010.08.20"]
[Round "1"]
[White "Melone, Antonio"]
[Black "Bentivegna, Francesco"]
[WhiteElo "2014"]
[BlackElo "2340"]
[Result "0-1"]
[PlyCount "120"]
[EventDate "2010.08.20"]

1. d4 d5 2. c4 Nc6 3. Nf3 Bg4 4. e3 e5 5. dxe5 d4 6. Be2 Bb4+ 7. Kf1 d3 8. Qxd3
Qxd3 9. Bxd3 O-O-O 10. Be2 Bxf3 11. gxf3 Nxe5 12. a3 Be7 13. Nc3 Nf6 14. e4
Nfd7 15. b4 c6 16. f4 Ng6 17. Be3 f5 18. e5 Ndf8 19. b5 Ne6 20. bxc6 bxc6 21.
Bxa7 Bc5 22. Bxc5 Nxc5 23. Rg1 Rd7 24. Rg5 Rf8 25. Rd1 Ne6 26. Rh5 h6 27. Rd6
Rxd6 28. exd6 Ngxf4 29. Rh4 Kd7 30. c5 Nxe2 31. Nxe2 Nxc5 32. Nd4 Kxd6 33. Rh5
Ke5 34. Nxc6+ Ke4 35. Ke2 Rf6 36. f3+ Kd5 37. Ne7+ Ke6 38. Nc6 g5 39. h4 Kd6
40. Nd4 Ke5 41. hxg5 hxg5 42. Nc2 Kf4 43. Nb4 Re6+ 44. Kf2 Rd6 45. Ke2 Ne6 46.
Rh3 Nd4+ 47. Kf2 Nc2 48. Ke2 Nxb4 49. axb4 Rb6 50. Kf1 Rxb4 51. Ke2 Rb2+ 52.
Kf1 Rb3 53. Kg2 Ra3 54. Rg3 g4 55. Kh2 Ra2+ 56. Rg2 Rxg2+ 57. Kxg2 g3 58. Kg1
Kxf3 59. Kh1 g2+ 60. Kg1 f4 0-1

[Event "XXX Festival Conca della Presolana A"]
[Site "Bratto - Castione della Presolana ITA"]
[Date "2010.08.20"]
[Round "1"]
[White "Salmoiraghi, Angelo"]
[Black "Marin, Mihail"]
[WhiteElo "2172"]
[BlackElo "2597"]
[Result "0-1"]
[PlyCount "92"]
[EventDate "2010.08.20"]

1. d4 Nf6 2. c4 g6 3. g3 Bg7 4. Bg2 O-O 5. Nf3 d5 6. cxd5 Nxd5 7. O-O Nb6 8.
Nc3 Nc6 9. e3 a5 10. b3 Nb4 11. a3 N4d5 12. Nxd5 Nxd5 13. Qc2 c6 14. Bb2 a4 15.
b4 Nc7 16. h3 Be6 17. Nd2 Bd5 18. Rac1 Nb5 19. Rfd1 Qd7 20. Nc4 Qe6 21. Nd2
Rfd8 22. Kh2 h5 23. h4 Bf6 24. Bh3 Qd6 25. Qb1 Bg7 26. f4 Nc7 27. e4 Be6 28.
Nc4 Bxc4 29. Rxc4 e6 30. e5 Qe7 31. Qe4 Bf8 32. Qe1 Ne8 33. Rc2 Ng7 34. g4 hxg4
35. Bxg4 Nf5 36. h5 Bh6 37. Bxf5 gxf5 38. Rg2+ Kh7 39. Qf2 Rg8 40. Rdg1 Rxg2+
41. Rxg2 Rg8 42. Rxg8 Kxg8 43. Bc1 Qd8 44. Be3 Kh7 45. Qc2 Qh4+ 46. Kg2 Qg4+
0-1

[Event "XXX Festival Conca della Presolana A"]
[Site "Bratto - Castione della Presolana ITA"]
[Date "2010.08.??"]
[Round "2"]
[White "Bentivegna, Francesco"]
[Black "Dziuba, Marcin"]
[WhiteElo "2340"]
[BlackElo "2582"]
[Result "0-1"]
[PlyCount "115"]
[EventDate "2010.08.20"]

1. e4 c6 2. d4 d5 3. e5 Bf5 4. Nd2 e6 5. g4 Bg6 6. Ne2 c5 7. h4 h6 8. Nf4 Bh7
9. dxc5 Bxc5 10. Nb3 Bb6 11. Bb5+ Nc6 12. Nh5 Kf8 13. Bxc6 bxc6 14. Be3 Bxe3
15. fxe3 Qb6 16. Qd2 a5 17. O-O Ne7 18. Qf2 Bg6 19. Nf4 Kg8 20. Nd4 Kh7 21.
Nxg6 Nxg6 22. Qxf7 Nxe5 23. Qxe6 Rhe8 24. Qf5+ Kh8 25. b3 Ra7 26. g5 Qd8 27. g6
Ra8 28. h5 Qh4 29. Rf4 Qg3+ 30. Kh1 Qxe3 31. Raf1 Rg8 32. R1f2 c5 33. Ne6 Rae8
34. Nc7 Rd8 35. Kg2 a4 36. Qe6 axb3 37. Nxd5 bxa2 38. Nxe3 a1=Q 39. Rf5 Qa8+
40. Kg3 Rde8 41. Qd5 Qb8 42. Kg2 Nxg6 43. hxg6 Rxe3 44. R2f3 Re2+ 45. Rf2 Qe8
46. Rf7 Re5 47. Qd2 Qc6+ 48. R7f3 Qxg6+ 49. Kf1 Rh5 50. Rg2 Rh1+ 51. Kf2 Qh5
52. Qf4 Qe8 53. Rg1 Rxg1 54. Kxg1 Qg6+ 55. Rg3 Qxc2 56. Qe5 Qd1+ 57. Kh2 Qd4
58. Qg5 0-1

[Event "XXX Festival Conca della Presolana A"]
[Site "Bratto - Castione della Presolana ITA"]
[Date "2010.08.??"]
[Round "2"]
[White "Bresciani, Nicola"]
[Black "Grigore, George-Gabriel"]
[WhiteElo "2289"]
[BlackElo "2532"]
[Result "0-1"]
[PlyCount "132"]
[EventDate "2010.08.20"]

1. e4 g6 2. d4 Bg7 3. Nf3 d6 4. h3 Nd7 5. Bc4 e6 6. O-O a6 7. a4 b6 8. Qe2 Bb7
9. Nbd2 Ne7 10. c3 O-O 11. b4 Re8 12. Ba3 d5 13. Bb3 dxe4 14. Nxe4 Nd5 15. Qc2
N5f6 16. Ned2 Nh5 17. Rad1 Nf4 18. Kh2 e5 19. Rfe1 exd4 20. Rxe8+ Qxe8 21. Re1
Qd8 22. cxd4 Bd5 23. Bxd5 Nxd5 24. Qc4 N7f6 25. Ne5 Qd6 26. Qc6 Qxc6 27. Nxc6
Bf8 28. Nc4 b5 29. N4a5 bxa4 30. Nc4 Nc3 31. Bb2 Nfd5 32. Bxc3 Nxc3 33. Ra1 Nd5
34. Rxa4 Nb6 35. Nxb6 Bd6+ 36. g3 cxb6 37. b5 a5 38. Kg2 Re8 39. Kf1 f5 40. Ra2
Kf7 41. Ra1 Ra8 42. Ra4 Ke6 43. Ke2 Kd5 44. Kd3 g5 45. Kc3 h5 46. Kb3 Re8 47.
Ra2 Re1 48. Rc2 f4 49. gxf4 gxf4 50. Na7 Rb1+ 51. Ka2 Rb4 52. Rc6 Rxd4 53. Nc8
Ra4+ 54. Kb3 Rb4+ 55. Kc2 Bc5 56. Nxb6+ Bxb6 57. Rxb6 Ke4 58. Rb8 Kf3 59. b6
Kxf2 60. b7 f3 61. Kd3 a4 62. Ra8 Rb3+ 63. Ke4 Rxb7 64. Rxa4 Kg2 65. Ra2+ f2
66. Kf4 Rf7+ 0-1

[Event "XXX Festival Conca della Presolana A"]
[Site "Bratto - Castione della Presolana ITA"]
[Date "2010.08.??"]
[Round "2"]
[White "Chatalbashev, Boris"]
[Black "Borgo, Giulio"]
[WhiteElo "2613"]
[BlackElo "2419"]
[Result "1-0"]
[PlyCount "108"]
[EventDate "2010.08.20"]

1. d4 d5 2. c4 e6 3. Nf3 Nf6 4. Bg5 dxc4 5. Qa4+ Bd7 6. Qxc4 c5 7. dxc5 Qc8 8.
Nbd2 Qxc5 9. Qxc5 Bxc5 10. Rc1 Bd6 11. e4 Nc6 12. Bb5 h6 13. Bh4 Ne5 14. Bxd7+
Nfxd7 15. Ke2 f6 16. Nxe5 Nxe5 17. Bg3 Ke7 18. f4 Nc6 19. e5 fxe5 20. fxe5 Bxe5
21. Bxe5 Nxe5 22. Rc7+ Kf6 23. Rf1+ Kg6 24. Nf3 Nxf3 25. Rxf3 Rhc8 26. Rg3+ Kf5
27. Rf7+ Ke5 28. Re3+ Kd6 29. Rd3+ Ke5 30. Rxg7 Rg8 31. Rdg3 Rxg7 32. Rxg7 b6
33. Rh7 Rc8 34. Kd3 Rd8+ 35. Kc3 Rc8+ 36. Kb3 Rg8 37. g3 Rf8 38. Rxa7 Rf3+ 39.
Kc4 Rf2 40. b4 Rxh2 41. Kb5 Rg2 42. Kxb6 Rxg3 43. a4 Kd5 44. Rc7 Rg4 45. Kb5
Kd6 46. Rh7 Rg5+ 47. Kb6 Rg4 48. Ka5 e5 49. Rxh6+ Kd5 50. b5 e4 51. b6 e3 52.
b7 e2 53. Rh1 Rg8 54. Kb6 Rg6+ 1-0

[Event "XXX Festival Conca della Presolana A"]
[Site "Bratto - Castione della Presolana ITA"]
[Date "2010.08.??"]
[Round "2"]
[White "Collutiis, Duilio"]
[Black "L'Ami, Erwin"]
[WhiteElo "2438"]
[BlackElo "2620"]
[Result "1/2-1/2"]
[PlyCount "189"]
[EventDate "2010.08.20"]

1. e4 e5 2. Nf3 Nc6 3. Bb5 Nf6 4. d3 d6 5. O-O Bd7 6. Re1 a6 7. Bxc6 Bxc6 8. c4
Be7 9. Nc3 O-O 10. d4 Re8 11. Nd5 exd4 12. Nxd4 Nxd5 13. cxd5 Bd7 14. Bd2 Bf6
15. Bc3 c5 16. dxc6 bxc6 17. Rc1 c5 18. Ne2 Bg5 19. Ra1 Rxe4 20. Qxd6 Bb5 21.
Qxd8+ Rxd8 22. Ng3 Rxe1+ 23. Rxe1 Rd5 24. Ne4 Bd8 25. Nd2 f6 26. Nf1 Kf7 27.
Ne3 Rd3 28. Rd1 Rxd1+ 29. Nxd1 Bc4 30. a3 Ke6 31. f3 Bc7 32. Kf2 g5 33. g3 f5
34. Bd2 f4 35. gxf4 gxf4 36. Bc3 Bb5 37. Ke1 Bc6 38. Ke2 Be5 39. Bxe5 Kxe5 40.
Nf2 Kd4 41. Kd2 Bxf3 42. Nd3 Be4 43. Nxf4 Bf5 44. Ne2+ Kc4 45. Ng3 Bg6 46. Ne2
a5 47. Nf4 Be8 48. Ne2 Bd7 49. Nc1 Bg4 50. Nd3 Kd4 51. Nc1 Be6 52. Nd3 Bc4 53.
Nf2 Ba6 54. Nd1 h5 55. Nc3 h4 56. Ke1 Ke3 57. b4 Kd3 58. b5 Bb7 59. Na4 Kc4 60.
b6 Kb5 61. Nc3+ Kxb6 62. Kd2 Kc6 63. Ke3 Kd6 64. Kf4 Bc8 65. Ke3 Bd7 66. Kf4 h3
67. Ke4 Ke6 68. Kf4 Bc6 69. Ke3 Ke5 70. Kd3 Bd5 71. Ke3 Be6 72. Kd3 Kf4 73. Na4
c4+ 74. Kd2 Kf3 75. Nc3 Bd7 76. Nd5 Bc6 77. Nc3 Kf4 78. Ne2+ Ke4 79. Nc3+ Kf3
80. Nd1 Be8 81. Nc3 Bg6 82. Nd5 Ke4 83. Nc3+ Kd4 84. Ne2+ Kc5 85. Nc3 Kd4 86.
Nb5+ Ke5 87. Ke3 c3 88. Nxc3 Bf5 89. Ne2 Kd5 90. Kd2 Kc4 91. Kc1 Bg4 92. Nf4
Kb3 93. Kb1 Kxa3 94. Ka1 a4 95. Nxh3 1/2-1/2

[Event "XXX Festival Conca della Presolana A"]
[Site "Bratto - Castione della Presolana ITA"]
[Date "2010.08.??"]
[Round "2"]
[White "Iordachescu, Viorel"]
[Black "Braga, Fernando Alberto"]
[WhiteElo "2623"]
[BlackElo "2435"]
[Result "1-0"]
[PlyCount "51"]
[EventDate "2010.08.20"]

1. e4 c5 2. Nf3 d6 3. d4 Nf6 4. Nc3 cxd4 5. Nxd4 g6 6. Be3 Bg7 7. f3 O-O 8. Qd2
Nc6 9. O-O-O Nxd4 10. Bxd4 Be6 11. Kb1 Qc7 12. Nb5 Qb8 13. h4 h5 14. g4 hxg4
15. h5 gxf3 16. h6 Nxe4 17. hxg7 Nxd2+ 18. Rxd2 f6 19. gxf8=Q+ Qxf8 20. Nc7 Bf7
21. Rdh2 Qg7 22. Nxa8 a6 23. Nb6 e5 24. Be3 g5 25. Bd3 g4 26. Rh7 1-0

[Event "XXX Festival Conca della Presolana A"]
[Site "Bratto - Castione della Presolana ITA"]
[Date "2010.08.??"]
[Round "2"]
[White "Marin, Mihail"]
[Black "Qendro, Llambi"]
[WhiteElo "2597"]
[BlackElo "2356"]
[Result "1-0"]
[PlyCount "51"]
[EventDate "2010.08.20"]

1. d4 g6 2. g3 Bg7 3. Nf3 Nf6 4. Bg2 d6 5. c4 O-O 6. O-O Nbd7 7. Nc3 e5 8. e4
exd4 9. Nxd4 Nc5 10. h3 Re8 11. Re1 a5 12. b3 Nfd7 13. Be3 Ne5 14. Re2 Bd7 15.
Rd2 Qc8 16. Kh2 h5 17. Rc1 h4 18. gxh4 Ne6 19. h5 Nxd4 20. Rxd4 gxh5 21. f4 Ng6
22. Rd5 h4 23. Qh5 Bf6 24. Rd2 Bc6 25. e5 dxe5 26. f5 1-0

[Event "XXX Festival Conca della Presolana A"]
[Site "Bratto - Castione della Presolana ITA"]
[Date "2010.08.??"]
[Round "2"]
[White "Piscopo, Pierluigi"]
[Black "Burmakin, Vladimir"]
[WhiteElo "2430"]
[BlackElo "2605"]
[Result "0-1"]
[PlyCount "84"]
[EventDate "2010.08.20"]

1. e4 c6 2. d4 d5 3. exd5 cxd5 4. Bf4 Nf6 5. c3 Nc6 6. Bd3 g6 7. Nf3 Bg7 8. O-O
O-O 9. Re1 Nh5 10. Bg5 Qd6 11. Bh4 e5 12. dxe5 Nxe5 13. Nxe5 Bxe5 14. h3 Nf4
15. Bf1 Ne6 16. Bd3 Nc5 17. Bc2 Be6 18. Nd2 Bg7 19. Nf3 Qb6 20. Rb1 Rfe8 21.
Nd4 Bd7 22. Bb3 Rxe1+ 23. Qxe1 Re8 24. Qd1 Bc6 25. Nf3 Nxb3 26. axb3 a5 27. Ra1
h6 28. Bg3 Re4 29. Nd2 Re8 30. Nf3 g5 31. h4 g4 32. Nd4 Bd7 33. Ne2 Bf5 34. Nf4
d4 35. Nh5 d3 36. Ra4 Bh8 37. Rf4 Qg6 38. Rxf5 Qxf5 39. Nf4 Be5 40. Qxd3 Qxd3
41. Nxd3 Bxg3 42. fxg3 Re2 0-1

[Event "XXX Festival Conca della Presolana A"]
[Site "Bratto - Castione della Presolana ITA"]
[Date "2010.08.??"]
[Round "2"]
[White "Rombaldoni, Axel"]
[Black "Baklan, Vladimir"]
[WhiteElo "2448"]
[BlackElo "2638"]
[Result "1/2-1/2"]
[PlyCount "56"]
[EventDate "2010.08.20"]

1. e4 c5 2. Nf3 d6 3. d4 cxd4 4. Qxd4 Nf6 5. Bb5+ Bd7 6. c4 a6 7. Bxd7+ Nbxd7
8. Nc3 g6 9. O-O Bg7 10. h3 O-O 11. Qd3 Qb8 12. Be3 Rc8 13. a4 e6 14. Rfd1 Rc6
15. b3 Qf8 16. Nd4 Rc7 17. Ra2 Rd8 18. Nf3 Ne8 19. Rad2 Rcc8 20. Ne2 Bf6 21.
Qb1 Qe7 22. Nh2 Rb8 23. a5 Rdc8 24. f4 Rc7 25. Ba7 Rbc8 26. Bf2 Rb8 27. Ba7
Rbc8 28. Bf2 Rb8 1/2-1/2

[Event "XXX Festival Conca della Presolana A"]
[Site "Bratto - Castione della Presolana ITA"]
[Date "2010.08.??"]
[Round "2"]
[White "Vocaturo, Daniele"]
[Black "L'Ami, Alina"]
[WhiteElo "2526"]
[BlackElo "2323"]
[Result "0-1"]
[PlyCount "94"]
[EventDate "2010.08.20"]

1. c4 g6 2. g3 Bg7 3. Bg2 d6 4. Nc3 Nf6 5. e4 O-O 6. Nge2 c6 7. O-O a6 8. d4
Bg4 9. h3 Bxe2 10. Qxe2 Nfd7 11. Rd1 b5 12. e5 bxc4 13. exd6 exd6 14. Qxc4 d5
15. Qd3 a5 16. b3 Na6 17. Ba3 Nb4 18. Qd2 Rb8 19. Rac1 Re8 20. Na4 Nf8 21. Nc5
Ne6 22. Nxe6 Rxe6 23. Bf3 h5 24. h4 Qf6 25. Kg2 Qf5 26. Rc3 Kh7 27. Bc1 Na6 28.
Qb2 c5 29. Be3 Rb4 30. Rcd3 cxd4 31. Bxd4 Rxd4 32. Rxd4 Nb4 33. Qc1 Bxd4 34.
Rxd4 Nd3 35. Rxd3 Qxd3 36. Qc5 Re5 37. g4 hxg4 38. Bxg4 Qe4+ 39. Kg3 Qd3+ 40.
Kg2 Re4 41. Qc8 Qd4 42. Kg3 Qe5+ 43. Kg2 Qe8 44. h5 Qxc8 45. hxg6+ Kxg6 46.
Bxc8 Re2 47. a4 Kf6 0-1

[Event "XXX Festival Conca della Presolana A"]
[Site "Bratto - Castione della Presolana ITA"]
[Date "2010.08.??"]
[Round "3"]
[White "Baklan, Vladimir"]
[Black "Delorme, Axel"]
[WhiteElo "2638"]
[BlackElo "2455"]
[Result "1/2-1/2"]
[PlyCount "57"]
[EventDate "2010.08.20"]

1. e4 e5 2. Nf3 Nc6 3. Bb5 Nf6 4. O-O Nxe4 5. Re1 Nd6 6. Nxe5 Be7 7. Bf1 Nxe5
8. Rxe5 O-O 9. d4 Bf6 10. Re1 Nf5 11. c3 d5 12. Bd3 c6 13. Bf4 Nh4 14. Bg3 g6
15. Nd2 Be6 16. Qc1 Bg5 17. Bxh4 Bxh4 18. Nf3 Bf6 19. Qf4 Bg7 20. Ng5 Bd7 21.
h4 Qb8 22. Qd2 Qd6 23. Nf3 Rae8 24. Rxe8 Rxe8 25. Re1 Rxe1+ 26. Qxe1 Qe6 27.
Qd2 Bf8 28. Ne5 Bd6 29. Nxd7 1/2-1/2

[Event "XXX Festival Conca della Presolana A"]
[Site "Bratto - Castione della Presolana ITA"]
[Date "2010.08.??"]
[Round "3"]
[White "Burmakin, Vladimir"]
[Black "Bruno, Fabio"]
[WhiteElo "2605"]
[BlackElo "2477"]
[Result "1-0"]
[PlyCount "55"]
[EventDate "2010.08.20"]

1. d4 d5 2. Nf3 Nf6 3. c4 c6 4. e3 e6 5. Nbd2 Nbd7 6. Bd3 Be7 7. O-O b6 8. e4
dxe4 9. Nxe4 Bb7 10. Bf4 Nxe4 11. Bxe4 Nf6 12. Bc2 O-O 13. Qe2 Qe8 14. Rfe1 Rd8
15. a3 c5 16. d5 Bd6 17. Bg5 exd5 18. Qd3 dxc4 19. Qxc4 Qc6 20. Qh4 h6 21. Bxf6
Bxh2+ 22. Kxh2 Qxf6 23. Qxf6 gxf6 24. Rad1 Bxf3 25. gxf3 Rfe8 26. Rxe8+ Rxe8
27. Bd3 Kg7 28. Bc4 1-0

[Event "XXX Festival Conca della Presolana A"]
[Site "Bratto - Castione della Presolana ITA"]
[Date "2010.08.??"]
[Round "3"]
[White "Cebalo, Miso"]
[Black "Kogan, Artur"]
[WhiteElo "2500"]
[BlackElo "2541"]
[Result "1/2-1/2"]
[PlyCount "42"]
[EventDate "2010.08.20"]

1. d4 Nf6 2. c4 e6 3. Nc3 Bb4 4. a3 Bxc3+ 5. bxc3 O-O 6. f3 d5 7. cxd5 exd5 8.
e3 Nh5 9. Qc2 f5 10. Nh3 c5 11. Nf2 Nc6 12. Be2 cxd4 13. exd4 f4 14. O-O Bf5
15. Bd3 Qd7 16. Bxf5 Qxf5 17. Qxf5 Rxf5 18. Re1 Rc8 19. a4 b6 20. Ba3 Na5 21.
Bb4 Nc4 1/2-1/2

[Event "XXX Festival Conca della Presolana A"]
[Site "Bratto - Castione della Presolana ITA"]
[Date "2010.08.??"]
[Round "3"]
[White "Di Paolo, Raffaele"]
[Black "Brun, Dario"]
[WhiteElo "2350"]
[BlackElo "2264"]
[Result "1/2-1/2"]
[PlyCount "165"]
[EventDate "2010.08.20"]

1. e4 e5 2. Nf3 Nc6 3. Bb5 f5 4. Nc3 fxe4 5. Nxe4 Nf6 6. Qe2 d5 7. Nxf6+ gxf6
8. d4 Bg7 9. dxe5 O-O 10. Bxc6 bxc6 11. e6 Re8 12. O-O Rxe6 13. Qd3 Qd6 14. Rd1
Re4 15. Qxe4 dxe4 16. Rxd6 cxd6 17. Nd4 Bd7 18. Bf4 f5 19. c3 Bxd4 20. cxd4 Rb8
21. b3 Rb4 22. Rd1 d5 23. Bd6 Rb5 24. Rc1 Be8 25. Kf1 Kf7 26. Ke2 Ke6 27. Bf4
Rb4 28. Be5 a5 29. Rc3 a4 30. Ke3 axb3 31. axb3 Rb6 32. Kf4 Ra6 33. Rc2 Ra3 34.
Rb2 Ra1 35. Bc7 Rh1 36. h3 Rd1 37. Bb6 Rd3 38. b4 Ra3 39. Bc5 Ra8 40. Kg5 h5
41. Rc2 Ra1 42. Kf4 Ra8 43. Bb6 Rb8 44. Ba5 Bd7 45. Rc3 Rg8 46. g3 Rc8 47. Ra3
Ra8 48. Kg5 Be8 49. Ra1 Ra7 50. Kf4 Ra8 51. Rh1 Bd7 52. Kg5 Be8 53. g4 fxg4 54.
hxg4 hxg4 55. Rh6+ Kf7 56. Bc7 Ke7 57. Bd6+ Kd7 58. Bg3 Kc8 59. Rh7 Bd7 60. Kf6
Ra3 61. Rh8+ Kb7 62. Rb8+ Ka7 63. Rd8 Rf3+ 64. Ke7 Bf5 65. Rf8 Ka6 66. Kd6 Kb5
67. Ke5 e3 68. fxe3 Rxg3 69. Rb8+ Kc4 70. Kxf5 Rxe3 71. Kxg4 Re4+ 72. Kf3 Rxd4
73. Rb6 Re4 74. Rxc6+ Kxb4 75. Rc1 Re5 76. Kf4 Re8 77. Rd1 Kc5 78. Rc1+ Kd6 79.
Rd1 Re4+ 80. Kf3 Ke5 81. Rd2 Kd6 82. Re2 Rxe2 83. Kxe2 1/2-1/2

[Event "XXX Festival Conca della Presolana A"]
[Site "Bratto - Castione della Presolana ITA"]
[Date "2010.08.??"]
[Round "3"]
[White "Dvirnyy, Danyyil"]
[Black "Godena, Michele"]
[WhiteElo "2457"]
[BlackElo "2548"]
[Result "1-0"]
[PlyCount "107"]
[EventDate "2010.08.20"]

1. c4 e6 2. d4 d5 3. Nc3 a6 4. cxd5 exd5 5. Nf3 c6 6. Bf4 Ne7 7. e3 Ng6 8. Bg3
Bg4 9. h3 Bxf3 10. Qxf3 Nd7 11. Bd3 Qf6 12. Bf5 Bd6 13. O-O Nb6 14. e4 Bxg3 15.
Qxg3 O-O 16. Bxg6 hxg6 17. e5 Qf5 18. Rad1 Rae8 19. b3 Nc8 20. Qe3 f6 21. g4
Qe6 22. f4 fxe5 23. fxe5 Rxf1+ 24. Rxf1 c5 25. dxc5 Qxe5 26. Qxe5 Rxe5 27. Rf4
Re1+ 28. Kf2 Rc1 29. Na4 a5 30. Ke3 Rc2 31. Kd4 Rxa2 32. Kxd5 Rd2+ 33. Rd4
Rxd4+ 34. Kxd4 Kf7 35. Kd5 Ke7 36. Nb2 Kd7 37. Nd3 Ne7+ 38. Kc4 Nc6 39. Kd5 g5
40. Nf2 Ne7+ 41. Kc4 Kc6 42. Ne4 Nd5 43. Nxg5 b5+ 44. cxb6 Nxb6+ 45. Kd4 Kb5
46. Ne6 Kb4 47. Nxg7 Kxb3 48. Ne6 Nc8 49. Nc5+ Kb4 50. h4 Nd6 51. Nd3+ Kb3 52.
Kd5 Ne8 53. Ke5 Kc3 54. h5 1-0

[Event "XXX Festival Conca della Presolana A"]
[Site "Bratto - Castione della Presolana ITA"]
[Date "2010.08.??"]
[Round "3"]
[White "Grigore, George-Gabriel"]
[Black "Chatalbashev, Boris"]
[WhiteElo "2532"]
[BlackElo "2613"]
[Result "1/2-1/2"]
[PlyCount "64"]
[EventDate "2010.08.20"]

1. d4 d5 2. c4 dxc4 3. Nf3 Nf6 4. e3 Bg4 5. Bxc4 e6 6. O-O Nbd7 7. h3 Bh5 8.
Nc3 Bb4 9. Be2 O-O 10. a3 Bxc3 11. bxc3 c5 12. Bb2 Rc8 13. Re1 Qb6 14. Rb1 Bg6
15. Bd3 Qc6 16. Qe2 Bxd3 17. Qxd3 Rfd8 18. Qe2 Ne4 19. Nd2 Nxd2 20. Qxd2 Nb6
21. Qe2 cxd4 22. cxd4 Nc4 23. e4 b5 24. Rbd1 a6 25. d5 exd5 26. exd5 Qd6 27.
Rd3 Nxb2 28. Qxb2 g6 29. g3 Re8 30. Rxe8+ Rxe8 31. Qc3 h5 32. h4 Re5 1/2-1/2

[Event "XXX Festival Conca della Presolana A"]
[Site "Bratto - Castione della Presolana ITA"]
[Date "2010.08.??"]
[Round "3"]
[White "L'Ami, Alina"]
[Black "Altini, Daniele"]
[WhiteElo "2323"]
[BlackElo "2260"]
[Result "0-1"]
[PlyCount "76"]
[EventDate "2010.08.20"]

1. d4 Nf6 2. c4 e6 3. Nf3 b6 4. g3 Bb7 5. Bg2 Bb4+ 6. Bd2 Be7 7. Nc3 O-O 8. Qc2
c5 9. e4 cxd4 10. Nxd4 Nc6 11. Nxc6 Bxc6 12. O-O Qc7 13. Bf4 e5 14. Be3 Rac8
15. Qe2 Qb7 16. Nd5 Bxd5 17. exd5 d6 18. b4 Nd7 19. Rfc1 Qa6 20. a4 Bd8 21. f4
exf4 22. gxf4 Bf6 23. Ra2 Rfe8 24. Qd3 Re7 25. Bf2 Rce8 26. Bh3 Nf8 27. Qf3 Ng6
28. c5 bxc5 29. bxc5 Re4 30. Bf1 Qc8 31. Re2 Rxf4 32. Qh3 Rg4+ 33. Kh1 Rxe2 34.
Bxe2 Rg1+ 35. Kxg1 Qxh3 36. cxd6 Nf4 37. Bf3 g5 38. Bg3 g4 0-1

[Event "XXX Festival Conca della Presolana A"]
[Site "Bratto - Castione della Presolana ITA"]
[Date "2010.08.??"]
[Round "3"]
[White "L'Ami, Erwin"]
[Black "Rombaldoni, Axel"]
[WhiteElo "2620"]
[BlackElo "2448"]
[Result "1-0"]
[PlyCount "81"]
[EventDate "2010.08.20"]

1. d4 f5 2. g3 Nf6 3. Bg2 e6 4. c4 Be7 5. Nf3 O-O 6. O-O c6 7. Nbd2 d5 8. b3 a5
9. Bb2 Bd7 10. Ne5 Be8 11. Qc1 Na6 12. Ndf3 Ne4 13. Nd3 Bh5 14. Nf4 Bf7 15. Ne5
Qe8 16. f3 Nf6 17. Bc3 Nb8 18. Qe3 Bd6 19. Rae1 Nbd7 20. Nfd3 Qe7 21. Qd2 c5
22. Nxd7 Nxd7 23. dxc5 Nxc5 24. cxd5 exd5 25. Bxa5 Bxg3 26. hxg3 Nxd3 27. exd3
Qc5+ 28. Rf2 Qxa5 29. Qxa5 Rxa5 30. f4 Rfa8 31. Ree2 Rc5 32. d4 Rc1+ 33. Rf1
Rc3 34. Kf2 Rd3 35. Rc1 Rxd4 36. Rc7 b5 37. Bf3 g5 38. Ree7 gxf4 39. gxf4 Rd2+
40. Ke1 Raxa2 41. Rxf7 1-0